Statistics for Dragonball Z Characters

Click here to take the quiz!

General Stats

  • This quiz has been taken 6,695 times
    (6,625 since last reset)
  • The average score is 30 of 84

Answer Stats

RaceFighter% Correct
SaiyanGoku
99%
SaiyanVegeta
98%
Half SaiyanGohan
97%
Half SaiyanTrunks
93%
Half SaiyanGoten
93%
NamekianPiccolo
84%
Android18
81%
Android17
80%
Android16
77%
FusionGogeta
76%
Android19
75%
FusionGotenks
75%
SaiyanNappa
71%
SaiyanBardock
70%
SaiyanRaditz
69%
AndroidCell
67%
HumanKrillin
66%
Android13
65%
Android15
65%
Android14
64%
SaiyanBroly
63%
HumanYamcha
62%
MajinMajin Buu
61%
FusionVegito
60%
AlienFrieza
57%
HumanTien
56%
DragonShenron
52%
NamekianNail
49%
NamekianKami
48%
MainKid Buu
47%
SaiyanKing Vegeta
46%
MajinSuper Buu
39%
AlienCooler
39%
AndroidDr. Gero
38%
Shapeshifting PigOolong
36%
TuffleBaby
34%
HumanPan
33%
SaiyanTurles
33%
HumanVidel
32%
AlienKing Cold
31%
HumanHercule
27%
DragonOmega Shenron
26%
Shin-JinKing Kai
25%
Shapeshifting CatPuar
25%
MutantGinyu
24%
Shin-JinSupreme Kai
21%
AndroidSuper 17
19%
SaiyanTarble
18%
DragonPorunga
18%
HumanUub
18%
Brench SeijinJeice
17%
UnknownZarbon
17%
MutantBurter
16%
HumanChiaotzu
16%
Shin-JinSouth Kai
16%
Shin-JinEast Kai
16%
MutantRecoome
16%
Shin-JinWest Kai
16%
NamekianSlug
15%
Shin-JinNorth Kai
15%
MutantGuldo
15%
UnknownDodoria
14%
MakyanGarlic
14%
Shin-JinGrand Kai
11%
SaibamanSaibamen
11%
DemonJanemba
10%
MakyanGarlic Jr.
9%
Race Of HeraBojack
9%
DragonSyn Shenron
8%
DragonNuova Shenron
7%
DragonEis Shenron
7%
UnknownCui
6%
UnknownPikkon
6%
Shin-JinKibito Kai
5%
AndroidSuper Android 13
4%
DragonOceanus Shenron
4%
DragonHaze Shenron
4%
GenmajinHirudegarn
3%
Monster Type EarthlingEmperor Pilaf
3%
DragonRage Shenron
3%
Brench SeijinSalza
3%
Tuffle Mutant MachineHatchiyack
3%
Mutant NamekTambourine
2%
Machine MutantGeneral Rilldo
1%

Score Distribution

Percentile by Number Answered

Percent of People with Each Score

Your Score History

You have not taken this quiz since the last reset